| 000 | 00713nam a22002057a 4500 | ||
|---|---|---|---|
| 999 |
_c13871 _d13871 |
||
| 003 | AR-CdUCM | ||
| 008 | 190416b ||||| |||| 00| 0 spa d | ||
| 040 |
_aMUNICIPALIDAD PROVINCIAL DEL CUSCO _cBIBLIOTECA MUNICIPAL DEL CUSCO |
||
| 082 |
_aC / 985 / _bC13 |
||
| 100 |
_aCabrera Guevara, Abelardo _932469 |
||
| 245 |
_aMemoria : _bdel Señor Presidente de la sociedad de Beneficencia Pública del Cusco / |
||
| 260 |
_aCusco : _bGarcilaso, _c1972. |
||
| 300 |
_a85 páginas ; _btablas plegables, _c21.5 cm. |
||
| 505 | _aContenido: Memoria -- Anexos. | ||
| 650 |
_aBeneficencia Pública _932470 |
||
| 650 |
_aCusco _9772 |
||
| 650 |
_aJunta Directiva _932471 |
||
| 942 |
_2ddc _cLIBROS |
||
| 945 |
_aachl _d2019-04-16 |
||